00853nam a2200229 a 450000500170000000800410001701000140005802000230007202000180009503500130011303700150012604000180014108200080015910000280016724501860019526000370038130000300041850000510044852000520049965000280055165100440057920070119085348.0060831s2006 ii b 000 0 eng  aENG-91356 a8186921435c550.00 a9788186921432 aEN-74889 bDBAD / PUB adplbEnglish  a250 aHeera, Bhupender, 1976- aImpact of Buddhism on socio-religious life of the Asian people:cby Bhupender Heera bwith special reference to Sri Lanka, China and Tibet-(from 1st century BCE to 8th century CE) / aNew Delhi :bDecent Books c2007 axviii, 269p. c23 cm (Hb) aIncludes bibliographical references and index  aHistory of Kashmiri Pandits and Kashmir, India. aBuddhismzAsiaxHistory aAsiaxCivilizationxBuddhist influences